| 000 | 00535nam a22001937a 4500 | ||
|---|---|---|---|
| 005 | 20250304051113.0 | ||
| 008 | 250304b |||||||| |||| 00| 0 eng d | ||
| 020 | _a9789387956148 | ||
| 040 |
_aIN-DiNC _cIN-DiNC |
||
| 041 | _dasm | ||
| 082 |
_a891.4511 _bASA |
||
| 245 |
_aAsamiya kabya parikroma/ _ced. by Arabinda Rajkhowa |
||
| 250 | _a2nd Banalata ed. | ||
| 260 |
_aDibrugarh: _bBanalata, _c2024. |
||
| 300 | _a460p. | ||
| 650 | _aCritical essays on Assamese poetry | ||
| 700 |
_aRajkhowa, Arabinda _eEditor |
||
| 942 |
_2ddc _cBK |
||
| 999 |
_c12117 _d12117 |
||